| 000 | 00877cam a2200277 a 4500 | ||
|---|---|---|---|
| 999 |
_c3982 _d3982 |
||
| 001 | 12587818 | ||
| 003 | GZU | ||
| 005 | 20210311090255.0 | ||
| 008 | 011113s1999 sa b 001 0 eng | ||
| 010 | _a 2001427659 | ||
| 020 | _a0409018368 (soft cover) | ||
| 040 |
_aDLC _cDLC _dDLC |
||
| 043 | _af-sa--- | ||
| 050 | 0 | 0 |
_aKTL858 _b.C48 1996 |
| 082 | 0 | 0 |
_a346.6802 _221 |
| 100 | 1 |
_aChristie, R. H. _q(Richard Hunter), _d1924-2010. |
|
| 245 | 1 | 4 |
_aThe law of contract in South Africa / _cby R.H. Christie. |
| 250 | _a3rd ed. | ||
| 260 |
_aDurban : _bButterworths, _c1996. |
||
| 300 |
_axiv, 761 p. ; _c24 cm. |
||
| 504 | _aIncludes bibliographical references and index. | ||
| 650 | 0 |
_aContracts _zSouth Africa. |
|
| 906 |
_a7 _bcbc _corignew _d2 _encip _f20 _gy-gencatlg |
||
| 942 |
_2lcc _cBK _e3rd _h858 _iCHR _kKTL _m1995 |
||